| 000 | 00716nam a2200277 a 4500 | ||
|---|---|---|---|
| 003 | AR-BaBNM | ||
| 005 | 20251128203436.0 | ||
| 008 | 082120s2002 ||||||||||||||000 | spa|| | ||
| 040 | _cAR-BaBNM | ||
| 100 | 1 | _aAsturias, Miguel Angel | |
| 245 | 0 | 0 | _aLeyendas de Guatemala |
| 260 |
_aNavarra _bSalvat _c1970 |
||
| 300 | _a168 p. | ||
| 490 | 0 | _aBiblioteca básica | |
| 500 | _aIndice alfabético de modismos y frases alegóricas al término del texto | ||
| 650 | 4 | _aLEYENDAS | |
| 650 | 4 | _aCUENTOS | |
| 650 | 4 | _aLITERATURA POPULAR | |
| 650 | 4 | _aFOLKLORE | |
| 650 | 4 | _aMITOLOGIA | |
| 651 | 4 | _aGuatemala | |
| 655 | _aLITERATURA | ||
| 700 | 1 |
_aCampos, Jorge _eprologuista |
|
| 942 | _cBK | ||
| 998 | _cisola | ||
| 999 |
_c3411 _d3411 |
||